| 000 | 01111nam a22002657a 4500 | ||
|---|---|---|---|
| 005 | 20170124103037.0 | ||
| 010 | _aB-005248 | ||
| 020 |
_c55.00 _a8123727380 |
||
| 035 | _aB-005248 | ||
| 037 | _bCen Lib/Ret | ||
| 040 |
_aDPL _bHN |
||
| 082 |
_aउ _bपटेल |
||
| 100 |
_aपटेल, पन्नालाल _965678 |
||
| 245 |
_aजीवन एक नाटक / _cपन्नालाल पटेल; अनुवादक रघुवीर चौधरी |
||
| 246 |
_aJeevan ek natak / _bby Pannalal Patel; anuvadak Raghuvir Choudhary |
||
| 260 |
_aनयी दिल्ली _bनेशनल बुक ट्रस्ट _c1999 |
||
| 270 |
_aए-5, ग्रीन पार्क _bनयी दिल्ली _e110016 |
||
| 300 |
_axviii, 238पृ. _c21सेमी (सजिल्द) |
||
| 650 |
_aगुजरती साहित्य _965679 |
||
| 650 |
_aउपन्यास _965680 |
||
| 650 |
_aGujrati literature _929154 |
||
| 650 |
_aFiction _98901 |
||
| 700 |
_aचौधरी, रघुवीर _965681 |
||
| 942 |
_2ddc _cHN _hउ _mपटेल |
||
| 999 |
_c116272 _d116272 |
||